000 00337nam a2200145Ia 4500
005 20251222152618.0
008 251222s9999||||xx |||||||||||||| ||spa||
020 _a9788495349484
082 _a868.56/P45
100 _aPérez Galdós, Benito
245 0 _aDoña Perfecta
250 _a1ra. ed.
264 _bLa Opinión
942 _cLIB
999 _c27246
_d27246